Boundary-interior layer interactions in nonlinear singular perturbation theory

Saved in:
Bibliographic Details
Main Author: Howes, Frederick A. 1948-
Format: Book
Language:English
Published: Providence : American Mathematical Society, 1978
Series:Memoirs of the American Mathematical Society ; ; 203
Subjects:
Tags: Add Tag
No Tags, Be the first to tag this record!

MARC

LEADER 00000cam a2200000 i 4500
001 1/48658
008 941103s1978 eng d
020 |a 0821822039 
035 |l 10043398 
040 |a GR-MY-UA  |b gre  |e aacr 
041 0 |a eng 
082 0 |a 515.35 
100 1 |a Howes, Frederick A.  |d 1948- 
245 1 0 |a Boundary-interior layer interactions in nonlinear singular perturbation theory /  |c F. A. Howes 
260 |a Providence :   |b American Mathematical Society,   |c 1978 
300 |a iv, 108 p.;  |b graphs;  |c 26 cm 
490 1 |a Memoirs of the American Mathematical Society  |v ; 203 
500 |a "Volume 15 ... first of two numbers." 
500 |a "CODEN: MAMCAU." 
504 |a Bibliography: p. 106-108 
650 0 0 |a Nonlinear boundary value problems  |x Numerical solutions. 
650 0 0 |a Singular perturbations (Mathematics) 
830 0 |a Memoirs of the American Mathematical Society ;  |v ; 203 
852 |a INST  |b SAMOS  |e 19941103  |h 515.35 HOW  |p 005300007673  |q 005300007673  |t BK  |y 0 
909 |a Σ  |b 033394